|
|
|
|
| LEADER |
00000caa a2200000 c 4500 |
| 001 |
1631303767 |
| 003 |
DE-627 |
| 005 |
20220607125029.0 |
| 007 |
tu |
| 008 |
130228s2012 xx ||||| 00| ||ger c |
| 035 |
|
|
|a (DE-627)1631303767
|
| 035 |
|
|
|a (DE-576)379516144
|
| 035 |
|
|
|a (DE-599)BSZ379516144
|
| 040 |
|
|
|a DE-627
|b ger
|c DE-627
|e rakwb
|
| 041 |
|
|
|a ger
|
| 100 |
1 |
|
|a Kavemann, Barbara
|d 1949-
|0 (DE-588)109368460
|0 (DE-627)585849862
|0 (DE-576)161668321
|4 aut
|
| 109 |
|
|
|a Kavemann, Barbara 1949-
|a Kavemann, B. 1949-
|a Kāfeman, Barubara 1949-
|
| 245 |
1 |
0 |
|a Übersicht über das Unterstützungssytem bei Gewalt gegen Frauen in Deutschland
|c Barbara Kavemann
|
| 264 |
|
1 |
|c 2012
|
| 336 |
|
|
|a Text
|b txt
|2 rdacontent
|
| 337 |
|
|
|a ohne Hilfsmittel zu benutzen
|b n
|2 rdamedia
|
| 338 |
|
|
|a Band
|b nc
|2 rdacarrier
|
| 773 |
0 |
8 |
|i In
|t Polizei & Wissenschaft
|d Frankfurt, M. : Verl. für Polizeiwiss., 2000
|g (2012), 4, Seite 99-113
|w (DE-627)320620433
|w (DE-600)2022590-8
|w (DE-576)091170788
|x 1439-7404
|7 nnas
|
| 773 |
1 |
8 |
|g year:2012
|g number:4
|g pages:99-113
|
| 951 |
|
|
|a AR
|
| ELC |
|
|
|b 1
|
| LOK |
|
|
|0 000 xxxxxcx a22 zn 4500
|
| LOK |
|
|
|0 001 3281895247
|
| LOK |
|
|
|0 003 DE-627
|
| LOK |
|
|
|0 004 1631303767
|
| LOK |
|
|
|0 005 20250407155503
|
| LOK |
|
|
|0 008 130228||||||||||||||||ger|||||||
|
| LOK |
|
|
|0 040
|a DE-21-110
|c DE-627
|d DE-21-110
|
| LOK |
|
|
|0 689
|a s
|a Gewaltviktimisierung
|
| LOK |
|
|
|0 689
|a s
|a Frauen
|
| LOK |
|
|
|0 689
|a s
|a Frauenhäuser
|
| LOK |
|
|
|0 689
|a s
|a Hilfsangebote
|
| LOK |
|
|
|0 852
|a DE-21-110
|
| LOK |
|
|
|0 852 1
|m p
|9 00
|
| LOK |
|
|
|0 938
|k p
|
| LOK |
|
|
|0 939
|a 28-02-13
|b l01
|
| ORI |
|
|
|a SA-MARC-krimdoka001.raw
|